| 000 | 00594nam a2200193 i 4500 | ||
|---|---|---|---|
| 001 | 145868 | ||
| 003 | ES-MaACL | ||
| 005 | 20251004063156.0 | ||
| 007 | t| | ||
| 008 | 071017s1963 sp ||||1| spa d | ||
| 100 | 1 |
_aVerhaeren, Emile, _d1855-1916 _9114123 |
|
| 245 | 1 | 0 |
_aEspaña negra / _cEmile Verhaeren, Darío de Regoyos. |
| 260 |
_aMadrid : _bTaurus, _c[1963] |
||
| 300 |
_a80 p., 4 h., 11 lám. : _bil. ; _c30 cm. |
||
| 651 | 4 |
_aEspaña- _vObras ilustradas. _98388 |
|
| 700 | 1 |
_aRegoyos, Darío de. _995919 |
|
| 852 |
_aES-MaACL _jF-1944 _bR.53258 |
||
| 999 |
_c145868 _d145868 |
||